Estudios sobre iconología (Record no. 666)

MARC details
000 -CABECERA
campo de control de longitud fija 01004nam a2200301 a 4500
001 - NÚMERO DE CONTROL
campo de control BRCA_769
005 - FECHA Y HORA DE LA ÚLTIMA TRANSACCIÓN
campo de control 20190320203138.0
008 - DATOS DE LONGITUD FIJA--INFORMACIÓN GENERAL
campo de control de longitud fija 740521s1984 sp-a---###---#000-0#spa-d
040 ## - FUENTE DE LA CATALOGACIÓN
Centro catalogador/agencia de origen BUF
Centro/agencia transcriptor BUF
041 ## - CÓDIGO DE LENGUA
Código de lengua del texto/banda sonora o título independiente spaeng
050 #4 - SIGNATURA TOPOGRÁFICA DE LA BIBLIOTECA DEL CONGRESO
Número de clasificación N7740
Número de documento/Ítem .P36 1984
100 1# - ENTRADA PRINCIPAL--NOMBRE DE PERSONA
Nombre de persona Panofsky, Erwin
Fechas asociadas al nombre 1892-1968
9 (RLIN) 1543
245 10 - MENCIÓN DE TÍTULO
Título Estudios sobre iconología
Mención de responsabilidad, etc. Erwin Panofsky, prólogo de Enrique Lafuente Ferrari, versión española de Bernardo Fernández.
250 ## - MENCIÓN DE EDICIÓN
Mención de edición 6
260 ## - PUBLICACIÓN, DISTRIBUCIÓN, ETC.
Lugar de publicación, distribución, etc. Madrid
Nombre del editor, distribuidor, etc. Alianza
Fecha de publicación, distribución, etc. 1984
300 ## - DESCRIPCIÓN FÍSICA
Extensión xl, 348 p.
Otras características físicas il.
Dimensiones 20 cm.
440 #0 - MENCIÓN DE SERIE/PUNTO DE ACCESO ADICIONAL--TÍTULO
Título Alianza Universidad
9 (RLIN) 2556
500 ## - NOTA GENERAL
Nota general Traducción de: Studies in Iconology
500 ## - NOTA GENERAL
Nota general Incluye lista de láminas e ilustraciones
504 ## - NOTA DE BIBLIOGRAFÍA, ETC.
Nota de bibliografía, etc. Bibliografía: p. 323-339
650 14 - PUNTO DE ACCESO ADICIONAL DE MATERIA--TÉRMINO DE MATERIA
Término de materia o nombre geográfico como elemento de entrada Arte, Renacimiento
9 (RLIN) 2557
650 14 - PUNTO DE ACCESO ADICIONAL DE MATERIA--TÉRMINO DE MATERIA
Término de materia o nombre geográfico como elemento de entrada Humanismo
9 (RLIN) 2558
650 14 - PUNTO DE ACCESO ADICIONAL DE MATERIA--TÉRMINO DE MATERIA
Término de materia o nombre geográfico como elemento de entrada Arte renacentista
Subdivisión general Critica e interpretación
9 (RLIN) 2559
650 14 - PUNTO DE ACCESO ADICIONAL DE MATERIA--TÉRMINO DE MATERIA
Término de materia o nombre geográfico como elemento de entrada Iconología
9 (RLIN) 2560
700 1# - PUNTO DE ACCESO ADICIONAL--NOMBRE DE PERSONA
Nombre de persona Lafuente Ferrari, Enrique
9 (RLIN) 2561
700 1# - PUNTO DE ACCESO ADICIONAL--NOMBRE DE PERSONA
Nombre de persona Fernández, Bernardo
9 (RLIN) 2562
942 ## - ELEMENTOS DE PUNTO DE ACCESO ADICIONAL (KOHA)
Fuente del sistema de clasificación o colocación Library of Congress Classification
Tipo de ítem Koha Libros
Holdings
Estado de retiro Estado de pérdida Estado dañado No para préstamo Localización permanente Ubicación/localización actual Fecha de adquisición Total de préstamos Signatura topográfica completa Código de barras Fecha visto por última vez Precio válido a partir de Tipo de ítem Koha
El ejemplar forma parte de la colección y puede ser consultado según las políticas vigentes.       Biblioteca del Museo Franz Mayer (Rogerio Casas-Alatriste) Biblioteca del Museo Franz Mayer (Rogerio Casas-Alatriste) 26/06/2008   N7740 .P36 1984 01174 22/03/2019 22/03/2019 Libros